Every Movie Directed by Ruben Fleischer - Statistics

General Stats
  • This quiz has been taken 4 times
  • The average score is 5 of 7
Answer Stats
Year Film % Correct
2018 Venom
100%
2011 30 Minutes or Less
75%
2013 Gangster Squad
75%
2009 Zombieland
75%
2025 Now You See Me 3
50%
2022 Uncharted
50%
2019 Zombieland: Double Tap
50%
No matching quizzes found
Score Distribution
Percent of People with Each Score
Percentile by Number Answered
Your Score History
You have not taken this quiz